00274nam a22000977a 4500008004100000082001600041245004600057260004800103300000900151440001600160230621b xxu||||| |||| 00| 0 eng d a327.54bECO aRomanian Journal of International Affairs bRomanian Institute of International Studies a111p v1x12240958